000 00704nam a2200229 a 4500
001 11801
003 CO-ViMGA
008 141112s2004 ck r 000 u spa d
020 _a8449403790
040 _aCO-ViMGA
_bspa
_cCO-ViMGA
082 0 4 _a822.33 S41t
100 1 _aShakespeare,
_916505
245 1 0 _aTragedias :
_bRomeo y Julieta; Hamlet; Otelo; El Rey Lear
260 _aBarcelona,
_cOceano Editorial
300 _a543 p.
490 _aGrandes Autores
590 _aDatos de inventario : 9788476728765, compra borrar, 9789583000690
650 1 4 _aSHAKESPEARE, WILLIAM, 1564 - 1616, TEATRO
_916506
650 1 4 _aTEATRO INGLES
_916507
650 1 4 _aTRAGEDIA INGLESA
_916508
942 _2ddc
_cBK
999 _c22946
_d22946